LIBRARY & INFORMATION CENTRE, KCAET, TAVANUR

ONLINE PUBLIC ACCESS CATALOGUE (OPAC)

Standardization of a technology for virgin coconut oil (Record no. 14990)

MARC details
000 -LEADER
fixed length control field 00566nam a22001697a 4500
003 - CONTROL NUMBER IDENTIFIER
control field OSt
088 ## - REPORT NUMBER
Report number P 218
100 ## - MAIN ENTRY--AUTHOR NAME
Personal name ANOOP A
-- DEEPIKA S.V
-- JAISY JOSEPH
245 ## - TITLE STATEMENT
Title Standardization of a technology for virgin coconut oil
260 ## - PUBLICATION, DISTRIBUTION, ETC. (IMPRINT)
Place of publication Tavanur 2010
Name of publisher Kelappaji College of Agricultural Engineering and Technology
300 ## - PHYSICAL DESCRIPTION
Number of Pages 43
500 ## - GENERAL NOTE
General note Standardization of a technology for virgin coconut oil
520 ## - SUMMARY, ETC.
Summary, etc Standardization of a technology for virgin coconut oil
700 ## - ADDED ENTRY--PERSONAL NAME
Personal name Dr. V Ganesan (Guide)
942 ## - ADDED ENTRY ELEMENTS (KOHA)
Koha item type Project Report
Holdings
Collection code Home library Current library Shelving location Full call number Accession Number Koha item type
Reference KAUAET KAUAET Reference 631.56 ANO/ST P 218 Project Report
free website counter